Normal view
MARC view
- Istas, Brooke
Entry Personal Name
001 - CONTROL NUMBER
- control field: 69478
003 - CONTROL NUMBER IDENTIFIER
- control field: OSt
005 - DATE AND TIME OF LATEST TRANSACTION
- control field: 20260124152713.0
008 - FIXED-LENGTH DATA ELEMENTS
- fixed length control field: 260124|| aca||aabn | a|a d
040 ## - CATALOGING SOURCE
- Original cataloging agency: OSt
100 ## - HEADING--PERSONAL NAME
- Personal name: Istas, Brooke
- Relator term: author.
